| 000 | 00969cam a2200157ua 4500 | ||
|---|---|---|---|
| 041 |
_aeng _h |
||
| 082 |
_a628.282 _bIND/CO |
||
| 110 | 1 |
_aIndian standards institution . _bISI _c() |
|
| 245 |
_aCode of practice for ancillary structures in sewerage system IS:4111, Part-2 / _cIndian standards institution. _hTextual Documents |
||
| 250 |
_a1 / _b. |
||
| 260 |
_aNew Delhi : _bIndian Standards Institution , _c1986. |
||
| 300 | _a9 ; . | ||
| 504 | _a | ||
| 942 | _cBK | ||
| 999 |
_c10035 _d10035 |
||